| 000 | 01179cam a2200265 a 4500 | ||
|---|---|---|---|
| 001 | 33881 | ||
| 003 | BD-RjUL | ||
| 005 | 20211209052055.0 | ||
| 008 | 140511t1949 nyu 000 0 eng d | ||
| 035 | _a(BD-RjUL)33973 | ||
| 040 |
_aDLC _cURB _dm.c _dOCL _dBD-RjUL _beng |
||
| 041 | 1 | _aengund | |
| 082 | 0 | 4 |
_a301 _bWEM 1949 |
| 100 | 1 |
_aWeber, Max, _d1864-1920. _9102927 |
|
| 245 | 1 | 4 |
_aThe methodology of the social sciences / _cMax Weber ; translated and edited by Edward A. Shils and Henry A. Finch; with a foreword by Edward A. Shils |
| 260 |
_aNew York : _bFree Press, _cc1949. |
||
| 300 |
_axvii, 188 p. ; _c22 cm |
||
| 500 | _aThree essays, two of which were first published in Archiv für Sozialwissenschaft und Sozialpolitik in 1904 and 1905, and the third in Logos in 1917 | ||
| 504 | _aIncludes bibliographical footnotes | ||
| 505 | 0 | _aThe meaning of "ethical neutrality" in sociology and ecomomics.--"Objectivity" in social science and social policy.--Critical studies in the logic of the cultural sciences | |
| 650 | 0 |
_aSocial sciences _xMethodology _9102928 |
|
| 700 | 1 |
_aShils, Edward, _d1910-1995. _916126 |
|
| 700 | 1 |
_aFinch, Henry A. _9102929 |
|
| 942 |
_2ddc _cBK |
||
| 999 |
_c33881 _d33881 |
||